Foreign-Born Population: Netherlands Quiz Stats

 Plays Quiz Updated Feb 8, 2017

Challenge
Share
Tweet
Embed
Score 0/20 Timer 05:00
0 Plays Today
Foreign-Born Population Country % Correct
119,087Germany
96.2%
49,059United Kingdom
94.9%
24,174France
93.9%
53,993Belgium
92.2%
27,520United States of America
90.9%
56,438*Soviet Union
88.8%
25,218Spain
87.6%
52,545China
86.4%
25,726Italy
83.5%
108,525Poland
81.3%
Foreign-Born Population Country % Correct
24,306India
79.7%
192,676Turkey
76.3%
126,386Indonesia
68.5%
29,180Iran
64.2%
40,681Iraq
63.4%
168,588Morocco
60.9%
52,596*Yugoslavia
60.3%
180,966Suriname
46.3%
33,070Afghanistan
45.9%
27,283Somalia
34%

You're not logged in!

Compare scores with friends on all Sporcle quizzes.
OR
Log In

You Might Also Like...

Show Comments

Extras

Top Quizzes Today


Score Distribution

Your Account Isn't Verified!

In order to create a playlist on Sporcle, you need to verify the email address you used during registration. Go to your Sporcle Settings to finish the process.

Report this User

Report this user for behavior that violates our Community Guidelines.

Details: